000 01262naa a22003497a 4500
001 BR2018000399
003 BR-BrBNA
005 20240918181940.0
007 ta
008 230509b bl.||||| |||| 00| 0 por d
040 _aBR-BrBNA
_bpor
_cBiblioteca Nacional de Agricultura
041 _a(Pt)
072 _aE70; D50
090 _aE70 BR2018000399
100 1 _aOta, M.M.
100 1 _aToschi, C.C.
100 1 _aAntaniazzi, N.
100 1 _aOliveira, S.S.C. de
100 1 _aBitencourt, J.
245 1 _aExigências do mercado de grãos
_bCapítulo 6.1
260 3 _aJundiaí, SP (Brasil):
_c2018.
500 _aLorini, I.(ed.); Miike, L.H. (ed.); Scussel, V.M. (ed.); Faroni, L.R.D.(ed.) Armazenagem de grãos Jundiaí, SP (Brasil): 2018. p. 901-955 (BR2018000399-AM)E70
650 _aMERCADO
650 _aCONTROLE DE QUALIDADE
650 _aGRÃO
650 _aCLASSIFICAÇÃO DE PRODUTO
650 _aLEGISLAÇÃO
650 _aNORMALIZAÇÃO
773 0 _tArmazenagem de grãos
_aLorini, I.(ed.); Miike, L.H. (ed.); Scussel, V.M. (ed.); Faroni, L.R.D.(ed.)- Instituto Bio Geneziz, Jundiaí, SP (Brasil)
_w9205 BR2018000372
_gJundiaí, SP (Brasil), 2018.
_q1031 p.
909 _a202404
_bLucia
_c55
_dLucia Elande
942 _cAM
_2AGRIS
999 _c327661
_d327661